000 00604nam a2200169 i 4500
001 121435
003 ES-MaACL
005 20230906191742.0
007 t|
008 070214s1961 sp r ||||1| spa d
110 2 _aInstituto Nacional de Industria (España).
_bSecretaría Gestora del Plan Badajoz.
_95167
245 1 3 _aUn gran esfuerzo para un gran fin
_b: el Plan de Badajoz.
260 _aMadrid :
_bInstituto Nacional de Industria,
_c1961.
300 _a60 p. ;
_c22 cm +
_e3 gráf. pleg.
651 4 _aBadajoz (Provincia)-
_xPolítica económica.
_9160837
852 _aES-MaACL
_jC-21012
_bR.49677
999 _c121435
_d121435